[Event "Croatian junior league 2021"]
[Site "Rabac"]
[Date "2021.04.07"]
[Round "4.1"]
[White "Karlusic, Luka"]
[Black "Alfirevic, Duje"]
[Result "1-0"]
[WhiteElo "2047"]
[BlackElo "1996"]
[Annotator "TA"]
[PlyCount "93"]
[EventDate "2021.04.06"]
[EventType "swiss"]
[EventCountry "CRO"]
[SourceTitle "playchess.com"]
[Source "ChessBase"]
[SourceQuality "1"]

{[%evp 22,93,29,30,37,23,29,24,34,29,42,47,61,55,128,136,110,117,120,87,107,70,108,106,224,188,179,187,157,124,147,118,150,9,0,0,77,56,149,55,115,126,127,90,241,152,387,359,387,384,376,289,452,243,222,227,244,283,456,231,228,143,256,236,239,93,476,476,566,562,553,544,525,531]} 1. d4 d5 2. c4 c6 3. Nf3 Nf6 4. Nc3 dxc4 5. a4 Bf5 6. e3 e6 7. Bxc4 Bb4 8. O-O Nbd7 9. Nh4 Bg4 10. f3 Bh5 11. g4 Bg6 12. e4 O-O {D18: Slav Defence: 5 a4 Bf5 6 e3.} 13. Nxg6 hxg6 14. g5 Ne8 {White has an edge.} 15. Be3 Nd6 16. Be2 Qe7 17. Na2 c5 ({Black should try} 17... Ba5 $1 $14) 18. Nxb4 $16 cxb4 19. a5 {[%cal Ba4a5,Ba5a6][%mdl 32] [#]} Nb8 $146 ({Predecessor:} 19... b6 20. Qb3 Nb7 21. axb6 Nxb6 22. Ba6 Nd8 23. Rfc1 Qd6 24. Qc2 Re8 25. Qc5 {1-0 (25) Verhoef,H-Leifeld,J Germany 1993}) 20. Qd2 Nc6 21. Rfc1 Rfd8 22. a6 e5 (22... Rac8 $16) 23. d5 Nd4 24. Bxd4 exd4 25. axb7 (25. Qxd4 $6 Qxg5+ 26. Kh1 bxa6 $16) 25... Nxb7 26. Rc4 (26. Qxd4 Qxg5+ 27. Kh1 Rac8 $14) 26... Nc5 {[#]} 27. Rxb4 (27. Qxd4 $2 Nb3 $19) (27. Bd1 $1 $16) 27... a5 $1 $11 {[%cal Ra5b4]} 28. Rb5 (28. Rxd4 $2 Nb3 $19) 28... a4 (28... Rab8 $1 $11 29. Rxb8 (29. Qxd4 $2 Rxb5 30. Bxb5 Nb3 $19 {[%mdl 64] Double Attack}) (29. Raxa5 Nb3 $11) 29... Rxb8) 29. Bd1 $16 ({Not} 29. Qxd4 Nb3 $17) 29... d3 (29... Rab8 $14 30. Rxb8 (30. Bxa4 $2 Rxb5 {[%mdl 64] Overworked Piece} 31. Bxb5 Nb3 $19 {[%mdl 64] Double Attack}) 30... Rxb8) 30. Kh1 (30. Rc1 $16 Nd7 31. Rb7) 30... Nxe4 (30... Rab8 $14 31. Rxb8 (31. Bxa4 $2 Rxb5 {[%mdl 64] Overworked Piece} 32. Bxb5 Nb3 $19 {[%mdl 64] Double Attack}) 31... Rxb8) 31. fxe4 Qxe4+ 32. Kg1 Qd4+ $2 (32... Re8 $16 {might work better.}) 33. Qf2 Qc4 (33... Rxd5 $16 34. Qxd4 Rxd4) 34. Rc5 $18 Qb4 35. Rc7 Rf8 36. Ra3 d2 (36... Qe4 $142 37. d6 Ra6) 37. Rd3 (37. Rc2 $142) 37... Qxb2 {aiming for ...Qc1.} 38. Rxd2 Qe5 39. Qg3 Qa1 (39... Qe4 40. Rc1 Qb4) 40. Qc3 (40. Rc4 $142) 40... Qb1 {And now ...a3 would win.} 41. Qc2 Qb6+ {[#]} (41... Qb4 $16 {keeps fighting.}) 42. Qc5 $1 {[%cal Rc5b6]} Qb1 {Threatens to win with ...a3.} 43. Ra7 (43. Qc1 $18 Qb4 44. Rc4 Qb6+ 45. Kg2) 43... Rac8 $2 {[%mdl 8192]} (43... Qf5 $16) 44. Qd4 {White is clearly winning.} Rfe8 {If Black can now play ...Re1+ this consolidates a bit.} 45. Qf2 Rf8 46. Rxa4 Rc1 47. Rad4 {Weighted Error Value: White=0.38/Black=0.54} 1-0

[Event "Croatian junior league 2021"]
[Site "Rabac"]
[Date "2021.04.07"]
[Round "4.2"]
[White "Vucenovic, Damian"]
[Black "Mahecic, Lovre"]
[Result "1-0"]
[WhiteElo "2008"]
[BlackElo "1958"]
[Annotator "TA"]
[PlyCount "63"]
[EventDate "2021.04.06"]
[EventType "swiss"]
[EventCountry "CRO"]
[SourceTitle "playchess.com"]
[Source "ChessBase"]
[SourceQuality "1"]

{[%evp 17,63,30,38,39,42,37,67,0,0,0,12,0,0,-9,0,-7,0,0,9,-8,27,-1,5,0,34,51,161,168,162,86,249,206,294,93,149,93,80,31,168,129,371,379,650,643,29986,29987,29991,29992]} 1. e4 c5 2. Nf3 d6 3. Bb5+ Bd7 4. Bxd7+ Nxd7 5. O-O Ngf6 6. Re1 g6 7. c3 Bg7 8. d4 cxd4 9. cxd4 O-O 10. Nc3 {B52: Sicilian: Moscow Variation with 3...Bd7.} Rc8 11. Bg5 h6 12. Bh4 {[#]} ({White should try} 12. Bxf6 $14 Nxf6 13. e5) 12... g5 $146 ({Predecessor:} 12... Qb6 13. Rb1 g5 14. Bg3 Rfd8 15. e5 dxe5 16. d5 e4 17. Nxe4 Nxe4 18. Rxe4 Nf6 19. Rxe7 Nxd5 {0-1 (64) Kaya,E (1912)-Shpanko,N (2235) chess.com INT 2020}) 13. Bg3 Nh5 14. Qd3 Nxg3 15. hxg3 e6 16. Rad1 Qb6 17. Re2 a6 18. Nh2 Rfd8 19. Kh1 Qa5 20. f4 Kh8 21. Qf3 Nf8 {[#]} ({Better is} 21... Nf6 $14) 22. Qh5 $1 $18 Rd7 23. Rf2 (23. Ng4 $18) 23... f6 $2 (23... Nh7 $16 {is a better defense.}) 24. Rdf1 Qd8 (24... Nh7 {was necessary.} 25. Ng4 f5) 25. f5 $2 (25. fxg5 $18 fxg5 26. Ng4) 25... e5 (25... Qe8 $142 26. Qxe8 Rxe8) 26. dxe5 (26. Rd2 $142) 26... dxe5 $16 27. Nf3 Kg8 (27... Rd6 $14) 28. Nd5 Rc4 $2 {[#]} (28... Qe8 $16 29. Qxe8 Rxe8) 29. Nxe5 $1 $18 {[%mdl 512]} fxe5 (29... Rxe4 30. Nxd7 Qxd7) 30. f6 Rf7 31. fxg7 Rxf2 32. Rxf2 {Weighted Error Value: White=0.22/Black=0.84} 1-0

[Event "Croatian junior league 2021"]
[Site "Rabac"]
[Date "2021.04.07"]
[Round "4.3"]
[White "Novosel, Lovro"]
[Black "Sagovac, Kristijan"]
[Result "1/2-1/2"]
[WhiteElo "1997"]
[BlackElo "1920"]
[Annotator "TA"]
[PlyCount "92"]
[EventDate "2021.04.06"]
[EventType "swiss"]
[EventCountry "CRO"]
[SourceTitle "playchess.com"]
[Source "ChessBase"]
[SourceQuality "1"]

{[%evp 15,92,33,22,17,22,12,9,-5,0,0,125,9,4,0,-3,-89,-85,-120,-47,-45,40,40,37,37,48,37,67,36,39,33,79,38,31,37,45,31,85,85,91,75,62,71,59,67,71,40,56,5,6,0,0,-8,-10,-27,-27,-22,-33,-25,-22,-35,-29,-61,-55,-78,-8,-11,-8,-23,0,0,0,-17,0,-5,0,0,0,0,0]} 1. Nf3 Nf6 2. g3 g6 3. Bg2 Bg7 4. O-O O-O 5. c4 c6 6. d4 d5 7. b3 Bf5 8. Bb2 Nbd7 9. Nbd2 {D78: Fianchetto Grünfeld: 6 0-0 c6.} Re8 10. h3 h5 {[#]} 11. Ne5 $146 ({Predecessor:} 11. Rc1 Ne4 12. Nh4 Nxd2 13. Qxd2 Be6 14. Kh2 Nf6 15. Rfd1 Kh7 16. e3 Qd7 17. Nf3 {1-0 (27) Weiss,M (1941)-Lange,J (1752) Mittelfranken 2007}) 11... Ne4 12. Nxe4 Nxe5 (12... dxe4 $11 13. Qc1 Nxe5 14. dxe5 Qc8) 13. Ng5 ({Of course not} 13. dxe5 $6 dxe4 14. Qc1 Qc8 $11) (13. Nc3 $1 $16) 13... Nd7 $11 14. e4 dxe4 15. g4 {[#]} (15. Bxe4 $11 Bxe4 16. Nxe4) 15... e6 $1 $17 16. Bc1 (16. Nxe4 hxg4) 16... Bf6 17. gxf5 $15 Bxg5 (17... exf5 $15 18. h4 {[#]} Nc5 $1) 18. fxg6 $14 fxg6 19. Bxe4 Bxc1 20. Qxc1 Kh7 21. Qe3 Qh4 22. Rad1 {[%cal Ba1d1,Bd1d2,Bd2e2,Be2e6][%mdl 32]} Rf8 23. Bg2 Rae8 24. Rfe1 Nf6 25. Rd2 g5 (25... Ng8 $14) 26. Rde2 $16 g4 27. Qg3 (27. Qf4 {with more complications.} Ng8 28. Qg3 Qxg3 29. fxg3 gxh3 30. Bxh3 Rd8 31. Rd1) 27... Qxg3 28. fxg3 gxh3 29. Bxh3 Rd8 30. Rxe6 {And now Re7+ would win.} Rxd4 31. Rf1 (31. Re7+ $14 Kh6 32. R1e6 (32. Rxb7 Rg8 $14)) 31... Kg7 $11 32. Re5 Rd3 33. Kg2 Rd2+ 34. Kh1 Rxa2 35. Rg5+ Kh6 36. Rgf5 Kg6 37. R1f3 Rd2 38. Bf1 Rd6 39. Ra5 Rfd8 ({Better is} 39... a6 $17) 40. Rxa7 R6d7 41. Ra1 Ne4 42. Re1 {The position is equal.} Nd2 43. Rf4 Nxf1 44. Rexf1 Rd1 45. Kg2 Rxf1 46. Rxf1 Rd2+ {Weighted Error Value: White=0.22/Black=0.17} 1/2-1/2

[Event "Croatian junior league 2021"]
[Site "Rabac"]
[Date "2021.04.07"]
[Round "4.4"]
[White "Dumancic, Simun"]
[Black "Moric, Ivan"]
[Result "0-1"]
[WhiteElo "1883"]
[BlackElo "1907"]
[Annotator "NA RC"]
[PlyCount "74"]
[EventDate "2021.04.06"]
[EventType "swiss"]
[EventCountry "CRO"]
[SourceTitle "playchess.com"]
[Source "ChessBase"]
[SourceQuality "1"]
[TimeControl "5400+30"]

1. e4 {[%emt 0:00:00]} c5 {[%emt 0:00:00]} 2. Nf3 {[%emt 0:00:03]} d6 {[%emt 0:00:00]} 3. d4 {[%emt 0:00:34]} cxd4 {[%emt 0:00:00]} 4. Nxd4 {[%emt 0:00:15]} Nf6 {[%emt 0:00:10]} 5. Nc3 {[%emt 0:00:27]} a6 {[%emt 0:00:10]} 6. Bg5 {[%emt 0:00:46]} e6 {[%emt 0:02:39]} 7. f4 {[%emt 0:01:04]} Be7 {[%emt 0:00:15]} 8. Qf3 {[%emt 0:00:44]} O-O {[%emt 0:02:32]} 9. O-O-O {[%emt 0:03:41]} Qc7 {[%emt 0:02:05]} 10. g4 {[%emt 0:04:01]} b5 {[%emt 0:02:24]} 11. Bxf6 {[%emt 0:12:19]} Bxf6 {[%emt 0:04:02]} 12. Nce2 {[%emt 0:08:12]} Bb7 {[%emt 0:03:33]} 13. g5 {[%emt 0:01:45]} Be7 {[%emt 0:02:38]} 14. Ng3 {[%emt 0:07:03]} Nc6 {[%emt 0:08:18]} 15. Nxc6 {[%emt 0:04:46]} Qxc6 {[%emt 0:00:28]} 16. h4 {[%emt 0:01:56]} Rac8 {[%emt 0:22:17]} 17. Bd3 {[%emt 0:02:46]} f5 {[%emt 0:09:07]} 18. gxf6 {[%emt 0:18:41]} Bxf6 {[%emt 0:01:30]} 19. Qg4 {[%emt 0:03:14]} Qe8 {[%emt 0:10:16]} 20. Rhf1 {[%emt 0:09:04]} Kh8 {[%emt 0:03:33]} 21. h5 {[%emt 0:03:35]} e5 {[%emt 0:06:24]} 22. Nf5 {[%emt 0:02:27]} Qe6 {[%emt 0:00:38]} 23. Kb1 {[%emt 0:00:52]} exf4 {[%emt 0:01:56]} 24. Qxf4 {[%emt 0:01:39]} Qe5 {[%emt 0:00:35]} 25. c3 {[%emt 0:00:36]} Qxf4 {[%emt 0:01:54]} 26. Rxf4 {[%emt 0:00:04]} Be5 {[%emt 0:00:36]} 27. Rg4 {[%emt 0:00:50]} Rc7 {[%emt 0:03:47]} 28. Rf1 {[%emt 0:04:02]} Bc8 {[%emt 0:01:08]} 29. Rgg1 {[%emt 0:02:07]} Rcf7 {[%emt 0:01:13]} 30. Ne3 {[%emt 0:01:30]} Be6 {[%emt 0:01:48]} 31. a4 {[%emt 0:01:09]} bxa4 {[%emt 0:02:10]} 32. Bxa6 {[%emt 0:00:21]} a3 {[%emt 0:01:36]} 33. Rxf7 {[%emt 0:00:45]} Bxf7 {[%emt 0:00:36]} 34. Rf1 {[%emt 0:00:17]} Kg8 {[%emt 0:01:07]} 35. Nd5 {[%emt 0:01:02]} Rb8 {[%emt 0:02:03]} 36. Nb4 {[%emt 0:00:32]} axb2 {[%emt 0:00:18]} 37. Kxb2 {[%emt 0:00:05]} Rxb4+ {[%emt 0:00:12]} 0-1

[Event "Croatian junior league 2021"]
[Site "Rabac"]
[Date "2021.04.07"]
[Round "4.5"]
[White "Levacic, Matej"]
[Black "Begic, Domagoj"]
[Result "1-0"]
[WhiteElo "2144"]
[BlackElo "1706"]
[Annotator "TA"]
[PlyCount "69"]
[EventDate "2021.04.06"]
[EventType "swiss"]
[EventCountry "CRO"]
[SourceTitle "playchess.com"]
[Source "ChessBase"]
[SourceQuality "1"]

{[%evp 9,69,37,44,40,62,62,70,60,69,73,115,109,116,113,109,109,126,127,135,100,118,115,134,116,179,149,158,169,198,202,230,202,195,200,353,314,433,434,495,447,489,508,635,641,1099,934,927,905,1363,854,1410,1417,1404,1402,1276,1258,1400,1356,1200,872,1813,1686]} 1. d4 g6 2. e4 Bg7 3. c4 d6 4. Nc3 Nf6 5. h3 c6 6. Be3 {E71: King's Indian: 4 e4 d6 5 h3.} Qc7 7. Nf3 Nbd7 8. Be2 {White is slightly better.} e5 9. d5 c5 {[#]} 10. Qc2 $146 ({Predecessor:} 10. g4 h5 11. g5 Ng8 12. a3 a6 13. Nd2 Bf8 14. b4 Be7 15. h4 Rb8 16. Rc1 {1-0 (34) Andersen,O (2110)-Hansen,M Copenhagen 1996}) 10... a6 11. a3 Rb8 12. Nd2 b6 13. g4 h6 14. b4 Nh7 15. Rb1 g5 16. Qa4 Ke7 (16... Nhf8 $16) 17. Qc6 Qa7 18. O-O Bb7 {[#]} 19. Qa4 ({But not} 19. Qc7 $2 Rbc8 $19) 19... Ra8 20. Rb2 Rhb8 21. Rfb1 Bf6 $2 (21... Bc8 {might work better.} 22. Nf1 Ndf6) 22. Nf1 Kd8 23. Ng3 {White is clearly winning.} Be7 24. Nf5 Bf8 25. bxc5 {[%mdl 64] [#] Overworked Piece} bxc5 26. Qa5+ Kc8 27. Bd1 Nhf6 28. Ba4 Ne8 29. Bxd7+ Kxd7 30. Na4 Bc8 31. Nb6+ Rxb6 32. Rxb6 {[%cal Bb2b6,Bb6c6,Bc6c7][%mdl 32]} Qc7 33. Qa4+ Kd8 34. Rc6 Bd7 35. Rxc7 {[%csl Gc7][%cal Ra4d7][%mdl 64] Discovered Attack. Black did not feel at home in the position after the opening.  Weighted Error Value: White=0.11/Black=0.39} 1-0

[Event "Croatian junior league 2021"]
[Site "Rabac"]
[Date "2021.04.07"]
[Round "4.9"]
[White "Kovac, Petar"]
[Black "Novosel, Marko"]
[Result "1/2-1/2"]
[WhiteElo "2089"]
[BlackElo "2130"]
[Annotator "TA"]
[PlyCount "125"]
[EventDate "2021.04.06"]
[EventType "swiss"]
[EventCountry "CRO"]
[SourceTitle "playchess.com"]
[Source "ChessBase"]
[SourceQuality "1"]

{[%evp 15,125,41,39,25,41,23,44,33,38,13,31,46,65,66,140,145,152,38,37,31,69,-27,-41,-58,-28,-250,-255,-345,-121,-187,-55,-68,-60,-62,-70,-77,-73,-75,-68,-66,-63,-61,-65,-68,-77,-79,-66,-150,-35,-35,-36,-78,-31,-39,-26,-82,-45,-137,-139,-119,-137,-115,-137,-140,-140,-140,-140,-139,-138,-547,-548,-491,-466,-583,-569,-567,-346,-342,-335,-328,-313,-843,-843,-817,-759,-633,0,0,0,0,0,0,8,8,8,8,8,8,8,8,8,0,0,0,0,0,0,0,0,0,0,0]} 1. d4 Nf6 2. c4 e5 3. dxe5 Ng4 4. Nf3 Bc5 5. e3 Nc6 6. Nc3 O-O 7. Be2 Re8 8. O-O Ngxe5 9. Nd2 {A52: Budapest Gambit.} d6 10. a3 a5 {[#]} 11. b3 $146 {White is slightly better.} ({Predecessor:} 11. Nde4 Ba7 12. Nb5 Bb8 13. Nbc3 Ba7 14. Nb5 Bb8 15. f4 Ng4 16. Bf3 Nf6 17. Nxf6+ Qxf6 {½-½ (87) Fritsche,F (2170)-Sausner,C (1502) GER email 2013}) 11... Re6 12. Re1 Rh6 13. Nf1 Qh4 14. Nd5 Be6 ({Black should play} 14... Bf5 $14) 15. Nxc7 $16 Rc8 16. Nxe6 (16. Nd5 $1 $16) 16... fxe6 $14 17. g3 Qf6 18. Bd2 (18. Ra2 $14) 18... g5 $1 $36 {[%mdl 2048] Black has the initiative.} ({Much weaker is} 18... Rf8 $6 19. f4 $16) 19. f3 Rf8 $1 20. Kg2 $2 (20. Rb1 $11 {and White has nothing to worry.}) 20... Qf5 $1 $19 {[%cal Rf5h3]} 21. f4 gxf4 $2 (21... Qh3+ $19 {has better winning chances.} 22. Kh1 gxf4 23. exf4 Ne7 $1) 22. exf4 $17 {[#]} Qe4+ (22... Rf7 $1 $19 23. g4 (23. h4 Rxh4) 23... Qe4+ 24. Bf3 Qxf3+ 25. Qxf3 Nxf3 26. Kxf3 Nd4+ 27. Kg3 Nxb3) 23. Bf3 $15 Qxf3+ ({Worse is} 23... Qd4 24. Be3 $16) 24. Qxf3 Nxf3 25. Kxf3 Nd4+ {[%mdl 64] Double Attack} 26. Kg2 Nc2 27. Rac1 Nxe1+ 28. Rxe1 Bxa3 29. Bxa5 Bc5 30. Bd2 Rg6 31. Be3 (31. Ra1 $15) 31... Ra8 (31... Bxe3 $17 32. Nxe3 Rxf4) 32. Bxc5 dxc5 {[%mdl 4096] Endgame KRR-KRN} 33. Rd1 Rg7 34. Rd6 Ra6 35. Rd8+ Kf7 36. Nd2 {[#]} (36. Kf3 $15) 36... Ke7 $1 $17 {[%cal Re7d8]} 37. Rd3 Rd6 38. Rxd6 Kxd6 {KR-KN} 39. Ne4+ Kc6 40. Kf3 b6 41. g4 Ra7 42. f5 $2 {[%mdl 8192]} (42. Ke3 $17 {is more resistant.}) 42... exf5 $19 43. gxf5 Ra3 44. Kf4 Rxb3 45. Ke5 Kd7 46. Nf6+ Ke7 47. Nxh7 Re3+ 48. Kf4 $2 (48. Kd5) 48... Rc3 49. f6+ Kf7 50. Ng5+ Kg6 $2 (50... Ke8 $19 51. h3 Rxc4+ 52. Kf5 Rc2) 51. f7 $1 $11 {[%cal Rf7f8] The position is equal.} Rxc4+ 52. Ke5 Kg7 53. Ke6 $1 {[%cal Re6e7] Strongly threatening Ke7.} Rf4 54. Ke7 {White wants to mate with Ne6+.} Kg6 55. h4 c4 {aiming for ...c3.} (55... Kh5 {is interesting.} 56. Ne6 Rxf7+ 57. Kxf7 Kxh4 58. Ke7 Kg4) 56. f8=Q Rxf8 57. Kxf8 {KN-KPP} c3 {And now ...c2 would win.} 58. Nf3 c2 59. Ne5+ Kh5 (59... Kf5 $5 60. Nd3 $8 Kg4 $11) 60. Nd3 b5 61. Ke7 b4 {White must now prevent ...b3.} 62. Nc1 Kxh4 63. Kd6 {White used his chance.  Weighted Error Value: White=0.53/Black=0.27} 1/2-1/2

[Event "Croatian junior league 2021"]
[Site "Rabac"]
[Date "2021.04.07"]
[Round "4.10"]
[White "Klapac, Patrik"]
[Black "Stjepic, Borna"]
[Result "1-0"]
[WhiteElo "1780"]
[BlackElo "1825"]
[Annotator "NA RC"]
[PlyCount "67"]
[EventDate "2021.04.06"]
[EventType "swiss"]
[EventCountry "CRO"]
[SourceTitle "playchess.com"]
[Source "ChessBase"]
[SourceQuality "1"]
[TimeControl "5400+30"]

1. e4 {[%emt 0:00:00]} c5 {[%emt 0:00:00]} 2. Nf3 {[%emt 0:00:00]} d6 {[%emt 0:00:00]} 3. d4 {[%emt 0:00:00]} cxd4 {[%emt 0:00:00]} 4. Nxd4 {[%emt 0:00:00]} Nf6 {[%emt 0:00:00]} 5. Nc3 {[%emt 0:00:00]} a6 {[%emt 0:00:04]} 6. f3 {[%emt 0:00:04]} e5 {[%emt 0:00:40]} 7. Nb3 {[%emt 0:00:39]} Be7 {[%emt 0:00:12]} 8. Bd3 {[%emt 0:00:11]} Be6 {[%emt 0:01:52]} 9. Be3 {[%emt 0:00:10]} Nbd7 {[%emt 0:01:14]} 10. Qd2 {[%emt 0:00:31]} h5 {[%emt 0:02:01]} 11. O-O {[%emt 0:04:18]} b5 {[%emt 0:04:06]} 12. Rad1 {[%emt 0:02:19]} Rc8 {[%emt 0:03:18]} 13. h3 {[%emt 0:02:47]} Nb6 {[%emt 0:07:14]} 14. Qf2 {[%emt 0:06:39]} Nc4 {[%emt 0:09:19]} 15. Bc1 {[%emt 0:00:19]} h4 {[%emt 0:07:56]} 16. Nd2 {[%emt 0:11:48]} Nh5 {[%emt 0:05:22]} 17. Nxc4 {[%emt 0:03:37]} bxc4 {[%emt 0:00:02]} 18. Be2 {[%emt 0:00:08]} Bg5 {[%emt 0:09:29]} 19. Bxg5 {[%emt 0:08:31]} Qxg5 {[%emt 0:00:02]} 20. Kh2 {[%emt 0:01:05]} Rh6 {[%emt 0:08:02]} 21. Rxd6 {[%emt 0:07:54]} Nf4 {[%emt 0:00:34]} 22. Rfd1 {[%emt 0:04:13]} Rb8 {[%emt 0:12:35]} 23. Bf1 {[%emt 0:00:42]} Qe7 {[%emt 0:03:21]} 24. Qc5 {[%emt 0:06:06]} Rg6 {[%emt 0:04:39]} 25. Qxe5 {[%emt 0:08:23]} Rxb2 {[%emt 0:02:12]} 26. Rd8+ {[%emt 0:02:56]} Qxd8 {[%emt 0:00:02]} 27. Rxd8+ {[%emt 0:00:14]} Kxd8 {[%emt 0:00:06]} 28. Qxf4 {[%emt 0:00:04]} Rxc2 {[%emt 0:00:37]} 29. Qxh4+ {[%emt 0:03:25]} Kd7 {[%emt 0:00:31]} 30. e5 {[%emt 0:00:50]} Rd2 {[%emt 0:01:30]} 31. Qe1 {[%emt 0:01:40]} Rd4 {[%emt 0:00:55]} 32. Qe3 {[%emt 0:00:36]} Rh4 {[%emt 0:00:31]} 33. Ne4 {[%emt 0:00:20]} Bf5 {[%emt 0:01:29]} 34. Bxc4 {[%emt 0:02:01]} 1-0

[Event "Croatian junior league 2021"]
[Site "Rabac"]
[Date "2021.04.07"]
[Round "4.11"]
[White "Vukojevic, Toni"]
[Black "Jakovic, Roko"]
[Result "1/2-1/2"]
[WhiteElo "1538"]
[BlackElo "1846"]
[Annotator "NA RC"]
[PlyCount "146"]
[EventDate "2021.04.06"]
[EventType "swiss"]
[EventCountry "CRO"]
[SourceTitle "playchess.com"]
[Source "ChessBase"]
[SourceQuality "1"]
[TimeControl "5400+30"]

1. e4 {[%emt 0:00:00]} c5 {[%emt 0:00:00]} 2. Nf3 {[%emt 0:00:00]} d6 {[%emt 0:00:00]} 3. c3 {[%emt 0:00:00]} Nf6 {[%emt 0:00:15]} 4. Bd3 {[%emt 0:00:00]} Nc6 {[%emt 0:01:05]} 5. Bc2 {[%emt 0:00:00]} Bg4 {[%emt 0:02:33]} 6. h3 {[%emt 0:00:20]} Bh5 {[%emt 0:00:20]} 7. O-O {[%emt 0:00:22]} e5 {[%emt 0:01:51]} 8. d3 {[%emt 0:01:12]} Be7 {[%emt 0:00:33]} 9. Be3 {[%emt 0:00:19]} O-O {[%emt 0:00:34]} 10. Nbd2 {[%emt 0:00:33]} Rc8 {[%emt 0:03:02]} 11. Rc1 {[%emt 0:05:03]} b5 {[%emt 0:04:26]} 12. a3 {[%emt 0:04:08]} a5 {[%emt 0:02:15]} 13. Qe2 {[%emt 0:06:13]} Qd7 {[%emt 0:14:19]} 14. Rfd1 {[%emt 0:03:57]} Rfe8 {[%emt 0:00:00]} 15. a4 {[%emt 0:00:59]} b4 {[%emt 0:01:30]} 16. Nc4 {[%emt 0:01:16]} Qc7 {[%emt 0:04:04]} 17. Bb3 {[%emt 0:07:17]} Rcd8 {[%emt 0:05:11]} 18. Ncd2 {[%emt 0:01:42]} Qb7 {[%emt 0:09:21]} 19. g4 {[%emt 0:06:30]} Bg6 {[%emt 0:01:07]} 20. Bg5 {[%emt 0:02:07]} h6 {[%emt 0:02:13]} 21. Bxf6 {[%emt 0:00:12]} Bxf6 {[%emt 0:00:24]} 22. Bd5 {[%emt 0:00:36]} Qc7 {[%emt 0:05:24]} 23. Nf1 {[%emt 0:02:10]} bxc3 {[%emt 0:04:23]} 24. bxc3 {[%emt 0:00:17]} Rb8 {[%emt 0:01:00]} 25. Rb1 {[%emt 0:00:07]} Rb6 {[%emt 0:04:17]} 26. Ne3 {[%emt 0:00:17]} Reb8 {[%emt 0:01:29]} 27. Qc2 {[%emt 0:00:12]} Bd8 {[%emt 0:08:00]} 28. Nc4 {[%emt 0:00:30]} Rxb1 {[%emt 0:00:57]} 29. Rxb1 {[%emt 0:00:06]} Ne7 {[%emt 0:00:52]} 30. Ne3 {[%emt 0:03:28]} Rxb1+ {[%emt 0:05:46]} 31. Qxb1 {[%emt 0:00:12]} Qd7 {[%emt 0:03:08]} 32. Qb3 {[%emt 0:00:12]} Kf8 {[%emt 0:00:56]} 33. Nd2 {[%emt 0:00:21]} Nxd5 34. Nxd5 {[%emt 0:00:15]} f6 {[%emt 0:01:46]} 35. Qb5 {[%emt 0:01:04]} Be8 {[%emt 0:01:20]} 36. Qxd7 {[%emt 0:02:10]} Bxd7 {[%emt 0:00:08]} 37. Nc4 {[%emt 0:00:10]} Bxa4 {[%emt 0:02:03]} 38. Nxd6 {[%emt 0:00:15]} Bc2 {[%emt 0:07:24]} 39. Nb7 {[%emt 0:02:19]} a4 {[%emt 0:02:29]} 40. Nxc5 {[%emt 0:06:05]} Be7 {[%emt 0:00:22]} 41. Ne3 {[%emt 0:02:25]} Bxc5 {[%emt 0:01:48]} 42. Nxc2 {[%emt 0:00:12]} a3 {[%emt 0:00:24]} 43. Kf1 {[%emt 0:00:06]} a2 {[%emt 0:00:07]} 44. Ke2 {[%emt 0:00:44]} Ba3 {[%emt 0:00:06]} 45. d4 {[%emt 0:01:42]} Bb2 {[%emt 0:01:17]} 46. Kd3 {[%emt 0:00:09]} exd4 {[%emt 0:01:04]} 47. cxd4 {[%emt 0:00:10]} a1=Q {[%emt 0:00:08]} 48. Nxa1 {[%emt 0:00:03]} Bxa1 {[%emt 0:00:06]} 49. f4 {[%emt 0:00:16]} Bb2 {[%emt 0:00:57]} 50. e5 {[%emt 0:00:20]} Ke7 {[%emt 0:00:23]} 51. Ke4 {[%emt 0:00:15]} fxe5 {[%emt 0:01:47]} 52. fxe5 {[%emt 0:00:10]} g6 {[%emt 0:00:22]} 53. Kd5 {[%emt 0:01:39]} h5 {[%emt 0:00:33]} 54. gxh5 {[%emt 0:00:33]} gxh5 {[%emt 0:00:01]} 55. Ke4 {[%emt 0:00:19]} h4 {[%emt 0:00:54]} 56. d5 {[%emt 0:00:18]} Bc3 {[%emt 0:00:24]} 57. Kf5 {[%emt 0:00:11]} Bd4 {[%emt 0:00:44]} 58. d6+ {[%emt 0:01:31]} Kd7 {[%emt 0:00:25]} 59. Ke4 {[%emt 0:00:05]} Bc3 {[%emt 0:00:25]} 60. Kd5 {[%emt 0:00:04]} Bd2 {[%emt 0:00:42]} 61. e6+ {[%emt 0:00:10]} Ke8 {[%emt 0:00:32]} 62. Kc6 {[%emt 0:00:16]} Ba5 {[%emt 0:00:28]} 63. Kd5 {[%emt 0:00:54]} Bc3 {[%emt 0:00:20]} 64. Ke4 {[%emt 0:00:12]} Bf6 {[%emt 0:00:34]} 65. Kf5 {[%emt 0:00:07]} Bd8 {[%emt 0:00:20]} 66. Ke5 {[%emt 0:01:40]} Bg5 {[%emt 0:00:12]} 67. Kf5 {[%emt 0:03:47]} Bd8 {[%emt 0:00:06]} 68. Kg6 {[%emt 0:00:26]} Kf8 {[%emt 0:00:14]} 69. Kh5 {[%emt 0:02:37]} Bf6 {[%emt 0:01:00]} 70. Kg6 {[%emt 0:01:25]} Bd8 {[%emt 0:00:33]} 71. Kf5 {[%emt 0:00:10]} Ke8 {[%emt 0:00:30]} 72. Ke5 {[%emt 0:00:31]} Bg5 {[%emt 0:00:19]} 73. Kd5 {[%emt 0:00:05]} Kd8 {[%emt 0:00:58]} 1/2-1/2